Estatísticas para As maiores cidades de Minas Gerais

Clique aqui para jogar o quiz

Estatísticas Gerais

  • Esse quiz foi jogado 91 vezes
  • A pontuação média é 10 de 13

Estatísticas das Respostas

PopulaçãoCidade% Correto
680.000 habitantesUberlândia
100%
2.525.000 habitantesBelo Horizonte
99%
325.000 habitantesUberaba
94%
565.000 habitantesJuiz de Fora
91%
430.000 habitantesBetim
89%
650.000 habitantesContagem
89%
405.000 habitantesMontes Claros
81%
280.000 habitantesGovernador Valadares
77%
260.000 habitantesIpatinga
76%
240.000 habitantesDivinópolis
74%
235.000 habitantesSete Lagoas
70%
330.000 habitantesRibeirão das Neves
47%
215.000 habitantesSanta Luzia
44%

Distribuição das Pontuações

Percentil de Números Respondidos

Porcentagem de Pessoas com Cada Pontuação

Sua Pontuação Histórica

Você não jogou esse quiz